| 000 | 00000nam##2200000za#4500 |
| 001 | 9.648411 |
| 003 | CaOODSP |
| 005 | 20210615113100 |
| 007 | ta |
| 008 | 150407|2001||||xxc||||| f|0| 0 eng|d |
| 020 | |a0-662-31355-0 |
| 040 | |aCaOODSP|beng |
| 043 | |an-cn--- |
| 086 | 1 |aF1-23/2001-6E |
| 110 | 1 |aCanada. |bDepartment of Finance. |
| 245 | 10|aCanada's fiscal progress through 2000-2001 |
| 260 | |aOttawa - Ontario : |bFinance Canada |c2001. |
| 300 | |a18p. : |bgraphs, tables ; |c25 cm. + |ea pamphlet under title: Canada's economic and fiscal prospects. |
| 563 | |aSoftcover |
| 590 | |a01-51|b2001-12-28 |
| 690 | 07|aEstimates|2gcpds |
| 690 | 07|aFiscal policy|2gcpds |
| 775 | 08|tLe budget de 2001: les progrès financiers du Canada jusqu'en 2000-2001 |w(CaOODSP)9.681697 |
| 776 | 0#|tCanada's fiscal progress through 2000-2001 |w(CaOODSP)9.695568 |